1901 1108 1584 1631 1029 1332 1646 1239 1223 1843 1892 1125 1100 1089 1082 1809 1859 1015 1268 1156 1785 1945 1260 1888 1757 1911 1479 1387 1904 1774 1193 1970 1498 1495 1632 1063 1139 1848 1191 1884 1466 1595 1829 1524 1458 1720 1880 1704 1674 1144 1849 1723 1215 1389 1306 1354 1065 1717 1932 1628 1539 1040 1035 1798 1943 1015 1150 1780 1310 1773 1441 1389 1076 1402 1347 1397 1376 1305 1182 1121 1045 1917 1877 1561 1866 1804 1460 1814 1298 1543 1244 1531 1378 1032 1940 1685 1291 1180 1297 BCNSPRNW ULIB Ver.6.0+V

เปลี่ยนเป็นภาษาไทย

Change to English
 แสดงรายละเอียดบรรณานุกรม
  กลับหน้าหลัก

Brief Record : Get Marc (ISO 2709) : E-mail record : QR code < ปิดหน้าต่าง
LEADER : 00000nas 2200000uu 4500
001    13399113991
003     ULIB
008    120120s||||||||th 000 0 tha d
022    ^a16868196
110    ^aมติชน จำกัด
245     มติชน(วิทยาเขตนครสวรรค์)
260    ^aกรุงเทพฯ :^bมติชน จำกัด
300    ^a105 หน้า
310    ^aรายสัปดาห์
850    ^aฉ.2;ฉ.3;ฉ.4;ฉ.5;ฉ.6;ฉ.7;ฉ.8;ฉ.9;ฉ.10;ฉ.11;ฉ.12;ฉ.13;ฉ.14;ฉ.15;ฉบับที่ 1697 ปีที่ 33;ฉบับที่ 1698 ปีที่ 33;ฉบับที่ 1699 ปีที่ 33;ฉบับที่ 1700 ปีที่ 33;ฉบับที่ 1701 ปีที่ 33;ฉบับที่ 1703 ปีที่ 33;ฉบับที่ 1704 ปีที่ 33;ฉบับที่ 1705 ปีที่ 33;ฉบับที่ 1706 ปีที่ 33
945    ^p40^l0^i800030
945    ^p40^l0^i800059
945    ^p40^l0^i800060
945    ^p40^l0^i800061
945    ^p40^l0^i800099
945    ^p40^l0^i800105
945    ^p40^l0^i800120
945    ^p40^l0^i800121
945    ^p40^l0^i800150
945    ^p40^l0^i800153
945    ^p40^l0^i800154
945    ^p40^l0^i800155
945    ^p40^l0^i800156
945    ^p40^l0^i800185
945    ^p40^l0^i800186
945    ^p40^l0^i800404
945    ^p40^l0^i800413
945    ^p40^l0^i800425
945    ^p40^l0^i800436
945    ^p40^l0^i800448
945    ^p40^l0^i800458
945    ^p40^l0^i800470
945    ^p40^l0^i800476
945    ^p40^l0^i800481
999    ^aกัณชพร
รายการนี้ยังไม่มีแท็ก
คุณยังไม่ได้ล็อกอิน คุณสามารถมีกิจกรรมร่วมกับเว็บไซต์ได้ แต่ต้องล็อกอินก่อน ::
  ล็อกอิน

รายการสื่อสารสนเทศ (วารสาร)

ดูแบบ: กล่อง รายการ
ARRIVED
no call number
สถานที่: ห้องสมุดวิทยาเขตสวรรค์ประชารักษ์ >วารสาร
ARRIVED
ฉบับที่ 1697 ปีที่ 33
สถานที่: ห้องสมุดวิทยาเขตสวรรค์ประชารักษ์ >วารสาร
ARRIVED
ฉบับที่ 1698 ปีที่ 33
สถานที่: ห้องสมุดวิทยาเขตสวรรค์ประชารักษ์ >วารสาร
ARRIVED
ฉบับที่ 1699 ปีที่ 33
สถานที่: ห้องสมุดวิทยาเขตสวรรค์ประชารักษ์ >วารสาร
ARRIVED
ฉบับที่ 1700 ปีที่ 33
สถานที่: ห้องสมุดวิทยาเขตสวรรค์ประชารักษ์ >วารสาร
ARRIVED
ฉบับที่ 1701 ปีที่ 33
สถานที่: ห้องสมุดวิทยาเขตสวรรค์ประชารักษ์ >วารสาร
ARRIVED
ฉบับที่ 1703 ปีที่ 33
สถานที่: ห้องสมุดวิทยาเขตสวรรค์ประชารักษ์ >วารสาร
ARRIVED
ฉบับที่ 1704 ปีที่ 33
สถานที่: ห้องสมุดวิทยาเขตสวรรค์ประชารักษ์ >วารสาร
ARRIVED
ฉบับที่ 1705 ปีที่ 33
สถานที่: ห้องสมุดวิทยาเขตสวรรค์ประชารักษ์ >วารสาร
ARRIVED
ฉบับที่ 1706 ปีที่ 33
สถานที่: ห้องสมุดวิทยาเขตสวรรค์ประชารักษ์ >วารสาร

BibComment


ยังไม่เคยถูกคอมเมนท์

คอมเมนท์ทรัพยากรรายการนี้
  คอมเมนท์: มติชนวิทยาเขตนคร..


 Copyright 2026. Bcnsprnw @Library